[Event "Nabereznye Chelny op 8th"]
[Site "Nabereznye Chelny"]
[Date "2010.01.27"]
[Round "9"]
[White "Samusenko, Maksim"]
[Black "Davydov, Stepan"]
[Result "0-1"]
[WhiteElo "1957"]
[BlackElo "2196"]
[PlyCount "32"]
[EventDate "2010.01.19"]
[EventType "swiss"]
[EventRounds "9"]
[EventCountry "RUS"]
[SourceTitle "CBM 134 Extra"]
[Source "ChessBase"]
[SourceDate "2010.03.03"]
[SourceVersion "1"]
[SourceVersionDate "2010.03.03"]
[SourceQuality "1"]

1. d4 Nf6 2. Nf3 d5 3. Bg5 e6 4. e3 c5 5. c3 Nbd7 6. Nbd2 Be7 7. Bd3 b6 8. 0-0 Bb7 9. Qc2 0-0 10. Ne5 h6 11. Bxf6 Nxf6 12. f4 Bd6 13. Rae1 Rc8 14. Ndf3 c4 15. Be2 Ne4 16. Nxc4 Rxc4 0-1

[Event "Nabereznye Chelny op 8th"]
[Site "Nabereznye Chelny"]
[Date "2010.01.23"]
[Round "5"]
[White "Purygin, Andrei"]
[Black "Davydov, Stepan"]
[Result "1/2-1/2"]
[WhiteElo "2285"]
[BlackElo "2196"]
[PlyCount "120"]
[EventDate "2010.01.19"]
[EventType "swiss"]
[EventRounds "9"]
[EventCountry "RUS"]
[SourceTitle "CBM 134 Extra"]
[Source "ChessBase"]
[SourceDate "2010.03.03"]
[SourceVersion "1"]
[SourceVersionDate "2010.03.03"]
[SourceQuality "1"]

1. b3 c5 2. Bb2 Nc6 3. e3 Nf6 4. Nf3 d5 5. Bb5 e6 6. Ne5 Qc7 7. 0-0 Bd6 8. f4 Bd7 9. Nxd7 Qxd7 10. d3 a6 11. Bxc6 Qxc6 12. Nd2 0-0-0 13. Nf3 d4 14. Ng5 Qc7 15. Qf3 dxe3 16. Qxe3 Nd5 17. Qe4 Nxf4 18. g3 h6 19. Nxf7 Qxf7 20. gxf4 Rhf8 21. Rae1 Rde8 22. Qc4 g5 23. f5 Qh5 24. Be5 Bxe5 25. Rxe5 exf5 26. Qxc5+ Kb8 27. Rexf5 Rxf5 28. Qxf5 Ka8 29. Qd7 Qe2 30. c4 Qe3+ 31. Kg2 g4 32. Qxg4 Qxd3 33. Rf2 h5 34. Qf5 Rg8+ 35. Kh1 Qd1+ 36. Rf1 Qe2 37. Qf2 Qe4+ 38. Qf3 Qc2 39. a4 h4 40. a5 Qg6 41. b4 h3 42. Re1 Qc2 43. b5 Qxc4 44. b6 Qa2 45. Qe4 Qf7 46. Rd1 Rf8 47. Qd3 Qe7 48. Qxh3 Qe4+ 49. Qg2 Qa4 50. Qd5 Qh4 51. Qd4 Qg5 52. Qd6 Re8 53. Qd4 Rf8 54. h4 Qe7 55. Qg4 Qc5 56. Qd7 Rc8 57. Re1 Qc4 58. Qh3 Qd5+ 59. Qg2 Qxa5 60. Re6 Qc5 1/2-1/2

[Event "Perm op 08"]
[Site "Perm"]
[Date "2009.08.20"]
[Round "8"]
[White "Davydov, Stepan"]
[Black "Kashin, Yury"]
[Result "1-0"]
[WhiteElo "2013"]
[BlackElo "1999"]
[PlyCount "43"]
[EventDate "2009.08.11"]
[EventType "swiss"]
[EventRounds "9"]
[EventCountry "RUS"]
[SourceTitle "CBM 132 Extra"]
[Source "ChessBase"]
[SourceDate "2009.11.03"]
[SourceVersion "1"]
[SourceVersionDate "2009.11.03"]
[SourceQuality "1"]

1. c4 e6 2. Nc3 d5 3. d4 f5 4. g3 Nf6 5. Bf4 c6 6. Nf3 Bd6 7. Bxd6 Qxd6 8. c5 Qe7 9. Ne5 0-0 10. Bg2 Ng4 11. Nxg4 fxg4 12. e4 e5 13. 0-0 exd4 14. Qxd4 dxe4 15. Nxe4 Nd7 16. Rae1 Qe5 17. Qc4+ Kh8 18. Nd6 Qf6 19. b4 Ne5 20. Rxe5 Qxe5 21. Nf7+ Rxf7 22. Qxf7 1-0

[Event "Izhevsk op"]
[Site "Izhevsk"]
[Date "2009.07.19"]
[Round "5"]
[White "Davydov, Stepan"]
[Black "Sadykov, Ramil"]
[Result "1/2-1/2"]
[WhiteElo "2206"]
[BlackElo "2179"]
[PlyCount "62"]
[EventDate "2009.07.15"]
[EventType "swiss"]
[EventRounds "9"]
[EventCountry "RUS"]
[SourceTitle "EXT 2010"]
[Source "ChessBase"]
[SourceDate "2010.11.25"]
[SourceVersion "1"]
[SourceVersionDate "2010.11.25"]
[SourceQuality "1"]

1. e4 e6 2. d4 d5 3. Nd2 Nf6 4. Bd3 c5 5. c3 cxd4 6. cxd4 dxe4 7. Nxe4 Nbd7 8. Nf3 Nxe4 9. Bxe4 Nf6 10. Bc2 Be7 11. 0-0 Bd7 12. Bg5 Qb6 13. a4 Bc6 14. Ne5 Rd8 15. Nxc6 bxc6 16. Qf3 Nd5 17. Bxe7 Nxe7 18. a5 Qxb2 19. Ba4 0-0 20. Bxc6 Qxd4 21. Be4 Rd6 22. Rfd1 Qe5 23. Re1 Qg5 24. Qa3 Rfd8 25. Rac1 Rd2 26. g3 Nd5 27. Bg2 Qf6 28. Qc5 a6 29. Rcd1 Rxd1 30. Rxd1 g6 31. Bxd5 exd5 1/2-1/2

[Event "Izhevsk op"]
[Site "Izhevsk"]
[Date "2009.07.17"]
[Round "3"]
[White "Davydov, Stepan"]
[Black "Ivanov, Nikolay A"]
[Result "1-0"]
[WhiteElo "2206"]
[BlackElo "1971"]
[PlyCount "113"]
[EventDate "2009.07.15"]
[EventType "swiss"]
[EventRounds "9"]
[EventCountry "RUS"]
[SourceTitle "EXT 2010"]
[Source "ChessBase"]
[SourceDate "2010.11.25"]
[SourceVersion "1"]
[SourceVersionDate "2010.11.25"]
[SourceQuality "1"]

1. e4 c5 2. c4 Nc6 3. Nc3 g6 4. g3 Bg7 5. Bg2 d6 6. d3 Nf6 7. Nge2 Bg4 8. h3 Bd7 9. 0-0 Qc8 10. Kh2 h5 11. f3 a6 12. h4 Rb8 13. a4 Nd4 14. Nxd4 cxd4 15. Ne2 b5 16. cxb5 axb5 17. a5 b4 18. Nxd4 Ng4+ 19. fxg4 Bxd4 20. g5 0-0 21. Qe2 Qc5 22. a6 Qa7 23. Re1 e5 24. Bf3 Kg7 25. Be3 Bxe3 26. Qxe3 Qxe3 27. Rxe3 Rfc8 28. Bd1 Be6 29. d4 exd4 30. Rd3 Rb6 31. Rxd4 Ra8 32. Be2 Bc8 33. Bc4 Bxa6 34. Bxa6 Raxa6 35. Rxa6 Rxa6 36. Rxb4 Kf8 37. Kg2 Ke7 38. Kf3 Ra1 39. Rb3 Ke6 40. Rd3 Rb1 41. b3 Ke5 42. Rd5+ Ke6 43. Rb5 Rf1+ 44. Ke2 Ra1 45. Kf2 Rb1 46. Rb7 Rc1 47. b4 Rb1 48. b5 f5 49. gxf6 Kxf6 50. b6 Rb3 51. Rb8 Ke5 52. b7 Kd4 53. e5 d5 54. e6 Rb2+ 55. Kf3 Rb3+ 56. Kg2 Rb2+ 57. Kh3 1-0

[Event "Privolzhskogo FO-ch"]
[Site "Kazan"]
[Date "2009.01.21"]
[Round "1"]
[White "Shaposhnikov, Evgeny"]
[Black "Davydov, Stepan"]
[Result "1-0"]
[WhiteElo "2544"]
[BlackElo "2197"]
[PlyCount "51"]
[EventDate "2009.01.21"]
[EventType "swiss"]
[EventRounds "9"]
[EventCountry "RUS"]
[SourceTitle "EXT 2010"]
[Source "ChessBase"]
[SourceDate "2010.11.25"]
[SourceVersion "1"]
[SourceVersionDate "2010.11.25"]
[SourceQuality "1"]

1. e4 c5 2. Nf3 Nc6 3. Bb5 g6 4. 0-0 Bg7 5. c3 Nf6 6. Re1 0-0 7. h3 Qb6 8. Ba4 d5 9. e5 Ne8 10. d4 c4 11. b3 Qa6 12. bxc4 Qxc4 13. Bb3 Qb5 14. c4 dxc4 15. Na3 Qa6 16. Bxc4 Qa5 17. d5 Nxe5 18. Nxe5 Bxe5 19. Rxe5 Qc3 20. Bf4 Qxa3 21. Qd4 Nd6 22. Bh6 Nxc4 23. Re2 f6 24. Bxf8 Ne5 25. Bh6 Nf7 26. Qxf6 1-0

[Event "PriFR-ch U16"]
[Site "Penza"]
[Date "2008.11.04"]
[Round "2"]
[White "Davydov, Stepan"]
[Black "Maligin, Artem"]
[Result "1-0"]
[WhiteElo "2176"]
[BlackElo "2019"]
[PlyCount "93"]
[EventDate "2008.11.03"]
[EventType "swiss"]
[EventRounds "9"]
[EventCountry "RUS"]
[SourceTitle "EXT 2022"]
[Source "ChessBase"]
[SourceDate "2021.10.06"]
[SourceVersion "1"]
[SourceVersionDate "2021.10.06"]
[SourceQuality "1"]

1. e4 c5 2. d3 d6 3. g3 Nc6 4. Bg2 g6 5. Ne2 Bg7 6. c4 e6 7. Nbc3 Nge7 8. 0-0 0-0 9. Rb1 a6 10. Be3 Nd4 11. b4 Nxe2+ 12. Nxe2 cxb4 13. Rxb4 d5 14. cxd5 exd5 15. Bd4 Nc6 16. Bxg7 Kxg7 17. Qa1+ Kg8 18. Rbb1 dxe4 19. dxe4 Qe7 20. Nf4 Qe5 21. Qxe5 Nxe5 22. Nd5 b5 23. f4 Nc4 24. Rfc1 Kg7 25. a4 Bd7 26. e5 Rac8 27. Nf6 Bf5 28. Be4 Nd2 29. Bxf5 gxf5 30. Rxc8 Rxc8 31. Rb2 Rc1+ 32. Kf2 Nc4 33. Rb4 Rc2+ 34. Kg1 Ne3 35. Rd4 Rg2+ 36. Kh1 Ra2 37. h3 Ra1+ 38. Kh2 Ra2+ 39. Kg1 Rg2+ 40. Kh1 Kh6 41. Rd6 Kg7 42. Rd8 Kh6 43. Rd6 Kg7 44. Rd8 Kh6 45. Rg8 Ra2 46. Rg5 Rxa4 47. Ng8# 1-0

[Event "Perm op 09"]
[Site "Perm"]
[Date "2008.09.09"]
[Round "1"]
[White "Davydov, Stepan"]
[Black "Artemenko, Rimma"]
[Result "1-0"]
[WhiteElo "2146"]
[BlackElo "1560"]
[PlyCount "43"]
[EventDate "2008.09.09"]
[EventType "swiss"]
[EventRounds "9"]
[EventCountry "RUS"]
[SourceTitle "EXT 2022"]
[Source "ChessBase"]
[SourceDate "2021.10.06"]
[SourceVersion "1"]
[SourceVersionDate "2021.10.06"]
[SourceQuality "1"]

1. e4 e6 2. d4 d6 3. Nc3 Be7 4. f4 Nf6 5. e5 dxe5 6. fxe5 Nd5 7. Nf3 Nxc3 8. bxc3 0-0 9. Bd3 b6 10. 0-0 Bb7 11. a4 Nc6 12. Qe2 Na5 13. Be3 Qd7 14. c4 Rad8 15. c3 Nb3 16. Bxh7+ Kxh7 17. Qc2+ Kg8 18. Qxb3 Bxf3 19. Rxf3 a5 20. Raf1 Qc6 21. Qb5 Qxb5 22. cxb5 1-0